[Event "XXXI C.to Italiano femminile"]
[Site "Bratto - Castione della Presolana ITA"]
[Date "2004.08.24"]
[Round "5"]
[White "Matta, Francesca"]
[Black "Di Cerbo, Giulia"]
[Result "1-0"]
[WhiteElo "1772"]
[BlackElo "1670"]
[PlyCount "115"]
[EventDate "2004.08.20"]

1. d4 e6 2. e4 d5 3. Nc3 Nf6 4. Bg5 Be7 5. e5 Nfd7 6. Bxe7 Qxe7 7. f4 a6 8. Nf3
c5 9. g3 Nc6 10. Bh3 cxd4 11. Nxd4 Nxd4 12. Qxd4 b5 13. O-O Qc5 14. Rad1 b4 15.
Qxc5 Nxc5 16. Ne2 a5 17. Nd4 O-O 18. f5 Re8 19. fxe6 fxe6 20. Rf3 Na4 21. Rb1
Bd7 22. a3 Nc5 23. Rbf1 Ne4 24. Re3 Nd2 25. Rf2 Nc4 26. Re1 Nxb2 27. axb4 a4
28. b5 Nc4 29. Bf1 Reb8 30. Bxc4 dxc4 31. c3 Rb6 32. Rb2 a3 33. Rb4 a2 34. Ra1
Ra3 35. Rxc4 Bxb5 36. Rb4 Ra5 37. c4 Ra4 38. Rxb5 Rxb5 39. Nxb5 Rxc4 40. Rxa2
Rc5 41. Nd6 h6 42. Re2 Kh7 43. Nb7 Rd5 44. Kf2 Kg6 45. Nd6 Kg5 46. Kf3 Ra5 47.
h4+ Kh5 48. Nf7 Kg6 49. Nd8 Ra6 50. Kf4 Kh7 51. Rd2 Ra4+ 52. Kf3 Ra3+ 53. Kf2
Ra5 54. Nc6 Rc5 55. Rd6 Rc2+ 56. Kg1 Kg6 57. Rxe6+ Kf5 58. Nd4+ 1-0

[Event "XXXI C.to Italiano femminile"]
[Site "Bratto - Castione della Presolana ITA"]
[Date "2004.08.24"]
[Round "5"]
[White "Messina, Roberta"]
[Black "Francalancia, Mariachiara"]
[Result "1-0"]
[WhiteElo "1673"]
[BlackElo "1528"]
[PlyCount "103"]
[EventDate "2004.08.20"]

1. e4 d6 2. d4 Nf6 3. Nc3 g6 4. Nf3 Bg7 5. Bc4 O-O 6. Bg5 Nbd7 7. Qd2 a6 8. a3
b5 9. Bd3 Bb7 10. Qf4 c5 11. d5 c4 12. Be2 Re8 13. O-O Rc8 14. Rfe1 e5 15. dxe6
Rxe6 16. Bf1 Qe8 17. Nd2 d5 18. f3 dxe4 19. Ndxe4 Nxe4 20. Nxe4 Bxb2 21. Nd6
Rxe1 22. Nxe8 Rxa1 23. Nd6 Rb8 24. Qxf7+ Kh8 25. g3 Bd4+ 26. Kg2 Nc5 27. Bf6+
Bxf6 28. Qxf6+ Kg8 29. Qxa1 Rd8 30. Nxb7 Rd2+ 31. Kh3 Nxb7 32. Qe1 Rd8 33. Qe6+
Kf8 34. Qxa6 Nd6 35. Qb6 Rd7 36. Qc5 h6 37. Qb4 Ke8 38. a4 bxa4 39. Qxa4 g5 40.
Bxc4 Nxc4 41. Qxc4 Re7 42. Qc6+ Kd8 43. Qxh6 Re2 44. Qxg5+ Kc7 45. c4 Rc2 46.
Qe5+ Kb6 47. Qd6+ Kb7 48. c5 Rc3 49. f4 Rc1 50. Qd7+ Kb8 51. c6 Rc2 52. Qb7#
1-0

[Event "XXXI C.to Italiano femminile"]
[Site "Bratto - Castione della Presolana ITA"]
[Date "2004.08.24"]
[Round "5"]
[White "Mosca, Giulia"]
[Black "Negri, Ornella Cecilia"]
[Result "1/2-1/2"]
[WhiteElo "1527"]
[BlackElo "1600"]
[PlyCount "102"]
[EventDate "2004.08.20"]

1. e4 d5 2. exd5 Qxd5 3. Nc3 Qd6 4. Nf3 Nf6 5. d4 e6 6. Bc4 a6 7. O-O b5 8. Bb3
Be7 9. Be3 Bb7 10. Qe2 O-O 11. h3 b4 12. Na4 Qd8 13. Nc5 Bxc5 14. dxc5 Bc6 15.
Nd4 Bb7 16. Rfd1 Qe7 17. f3 a5 18. a3 bxa3 19. Rxa3 c6 20. Qf2 Rd8 21. Raa1 Nd5
22. Bxd5 cxd5 23. c3 Nc6 24. Nxc6 Bxc6 25. b4 axb4 26. cxb4 Rxa1 27. Rxa1 Qb7
28. Qb2 f6 29. Ra5 Ra8 30. Qa3 Rxa5 31. Qxa5 e5 32. Bd2 e4 33. fxe4 dxe4 34. g4
Qd7 35. Qa2+ Qd5 36. Qxd5+ Bxd5 37. Kf2 Kf7 38. Ke3 Ke6 39. Kd4 g6 40. b5 f5
41. gxf5+ gxf5 42. c6 Kd6 43. c7 Bb7 44. Bf4+ Ke6 45. Kc5 Kd7 46. Kb6 Kc8 47.
Kc5 e3 48. Bxe3 Kxc7 49. Bf4+ Kc8 50. Kd6 Bg2 51. h4 Kb7 1/2-1/2

[Event "XXXI C.to Italiano femminile"]
[Site "Bratto - Castione della Presolana ITA"]
[Date "2004.08.24"]
[Round "5"]
[White "Panella, Fiammetta"]
[Black "Castellano, Fulvia"]
[Result "1/2-1/2"]
[WhiteElo "1954"]
[BlackElo "1772"]
[PlyCount "59"]
[EventDate "2004.08.20"]

1. e4 e6 2. d3 d5 3. Nd2 c5 4. Ngf3 Nc6 5. g3 Bd6 6. Bg2 Nge7 7. O-O b5 8. Nh4
O-O 9. f4 f6 10. exd5 exd5 11. c4 bxc4 12. dxc4 d4 13. Re1 Rb8 14. Ne4 Bb7 15.
b3 Qc7 16. Ba3 Na5 17. Qd2 Bxe4 18. Rxe4 Nac6 19. Rae1 a5 20. Bh3 g6 21. Qf2 f5
22. R4e2 Nb4 23. Bxb4 axb4 24. Bg2 Qd7 25. Nf3 Nc6 26. Nd2 Rfe8 27. Bd5+ Kg7
28. Qg2 Rxe2 29. Qxe2 Ne7 30. Bg2 1/2-1/2

[Event "XXXI C.to Italiano femminile"]
[Site "Bratto - Castione della Presolana ITA"]
[Date "2004.08.24"]
[Round "5"]
[White "Pica, Livia"]
[Black "Borsato, Chiara"]
[Result "0-1"]
[WhiteElo "1520"]
[BlackElo "1658"]
[PlyCount "82"]
[EventDate "2004.08.20"]

1. e4 g6 2. d4 Bg7 3. Nf3 d6 4. Bd3 Nf6 5. h3 Nc6 6. O-O e5 7. d5 Nb4 8. c4 Nd7
9. Nc3 Nc5 10. Bc2 O-O 11. a3 Nxc2 12. Qxc2 f5 13. Bg5 Bf6 14. Bh6 Re8 15. b4
Nxe4 16. Nxe4 fxe4 17. Qxe4 Bf5 18. Qe3 e4 19. Bg5 exf3 20. Bxf6 Qxf6 21. Qxf3
Rf8 22. Rac1 Rae8 23. a4 Qh4 24. Qc3 Re4 25. Rfe1 Rfe8 26. Rxe4 Rxe4 27. c5 Rf4
28. Qe1 Re4 29. Qc3 Rxb4 30. cxd6 cxd6 31. Qc7 Qg5 32. Qb8+ Kg7 33. Qc7+ Kh6
34. Qxd6 Bxh3 35. Qh2 Rh4 36. d6 Bxg2 37. Qxg2 Rg4 38. Rd1 Rxg2+ 39. Kf1 Rg1+
40. Ke2 Rxd1 41. Kxd1 Qd5+ 0-1

[Event "XXXI C.to Italiano femminile"]
[Site "Bratto - Castione della Presolana ITA"]
[Date "2004.08.24"]
[Round "5"]
[White "Pili, Erika"]
[Black "Chierici, Marianna"]
[Result "1/2-1/2"]
[WhiteElo "1853"]
[BlackElo "1646"]
[PlyCount "148"]
[EventDate "2004.08.20"]

1. e4 e5 2. f4 exf4 3. Nf3 d6 4. d4 Nf6 5. Nc3 Be7 6. Bc4 O-O 7. Bxf4 Nbd7 8.
O-O Nb6 9. Bb3 Be6 10. Bxe6 fxe6 11. Ng5 Qd7 12. Qe1 h6 13. Nh3 Nh5 14. Be3 Nc4
15. Bc1 Nf6 16. Qg3 Kh8 17. Nf4 Rf7 18. Ng6+ Kh7 19. Nxe7 Qxe7 20. e5 Nxe5 21.
dxe5 dxe5 22. Qd3+ Kh8 23. Be3 c6 24. Rad1 Rff8 25. Qc4 Nd5 26. Rxf8+ Qxf8 27.
Rf1 Qe7 28. Qd3 Qb4 29. Bd2 Qb6+ 30. Rf2 Qxb2 31. Nxd5 exd5 32. Qg3 Qb1+ 33.
Rf1 Qxc2 34. Bxh6 Qc5+ 35. Be3 Qe7 36. Rf5 Qb4 37. Rxe5 Qb1+ 38. Kf2 Rf8+ 39.
Bf4 Qc2+ 40. Ke1 Qb1+ 41. Ke2 Qc2+ 42. Bd2 Qc4+ 43. Kd1 Rf1+ 44. Be1 Qa4+ 45.
Kc1 Qc4+ 46. Kb2 Qd4+ 47. Qc3 Qxc3+ 48. Kxc3 Rf7 49. Bd2 Rd7 50. Bg5 Rf7 51.
Be3 b6 52. g3 Rd7 53. h4 c5 54. Bg5 Rd6 55. Re8+ Kh7 56. Rd8 d4+ 57. Kd3 Re6
58. Rd7 a6 59. a4 Re1 60. Rd6 Ra1 61. Rxb6 Rxa4 62. Bf4 Ra3+ 63. Kd2 c4 64. Rd6
Ra2+ 65. Kd1 d3 66. Rd4 Rc2 67. Bc7 g6 68. Rd6 Rg2 69. Rc6 Rg1+ 70. Kd2 Rg2+
71. Ke3 Re2+ 72. Kf3 Rc2 73. Ba5 Ra2 74. Rxa6 c3 1/2-1/2

[Event "XXXI C.to Italiano femminile"]
[Site "Bratto - Castione della Presolana ITA"]
[Date "2004.08.24"]
[Round "5"]
[White "Rigo, Caterina"]
[Black "Cassinera, Chiara"]
[Result "1/2-1/2"]
[WhiteElo "1649"]
[BlackElo "1619"]
[PlyCount "40"]
[EventDate "2004.08.20"]

1. e4 c5 2. Nf3 g6 3. d4 cxd4 4. Nxd4 Bg7 5. Nc3 d6 6. Be3 Nf6 7. f3 O-O 8. Qd2
Nc6 9. O-O-O Bd7 10. Bh6 Rc8 11. Bxg7 Kxg7 12. h4 Ne5 13. f4 Nc4 14. Bxc4 Rxc4
15. Qd3 Rc5 16. Rdf1 d5 17. e5 Ng4 18. h5 Rh8 19. hxg6 hxg6 20. Rxh8 Qxh8
1/2-1/2

[Event "XXXI C.to Italiano femminile"]
[Site "Bratto - Castione della Presolana ITA"]
[Date "2004.08.24"]
[Round "5"]
[White "Santurbano, Maria Vincenza"]
[Black "Goi, Veronika"]
[Result "1-0"]
[WhiteElo "1822"]
[BlackElo "1823"]
[PlyCount "105"]
[EventDate "2004.08.20"]

1. e4 d5 2. exd5 Qxd5 3. Nc3 Qd6 4. d4 a6 5. g3 Nf6 6. Bg2 Nc6 7. Nge2 Bg4 8.
O-O O-O-O 9. Bf4 e5 10. dxe5 Qe6 11. Qc1 Nh5 12. Qe3 Nxf4 13. gxf4 h6 14. Rad1
Be7 15. Bxc6 Qxc6 16. Qa7 b5 17. Nd4 Rxd4 18. Qxd4 Bh3 19. Ne4 f5 20. exf6 gxf6
21. Qd5 Qxd5 22. Rxd5 h5 23. f3 Rg8+ 24. Kf2 Rg2+ 25. Ke1 Rxc2 26. Rf2 Rc1+ 27.
Kd2 Rb1 28. Kc2 Re1 29. Rxh5 Be6 30. Nc5 Bxc5 31. Rxc5 Bxa2 32. Rc6 Re6 33.
Rxe6 Bxe6 34. h4 Kd7 35. Rg2 Bd5 36. Rd2 c6 37. Kc3 a5 38. h5 Ke7 39. Rxd5 b4+
40. Kd4 cxd5 41. Kxd5 a4 42. Kc4 a3 43. bxa3 bxa3 44. Kb3 Kf7 45. Kxa3 Kg7 46.
Kb4 Kh6 47. Kc5 Kxh5 48. Kd6 Kg6 49. Ke6 f5 50. Ke5 Kg7 51. Kxf5 Kf7 52. Ke5
Ke7 53. f5 1-0

[Event "XXXI C.to Italiano femminile"]
[Site "Bratto - Castione della Presolana ITA"]
[Date "2004.08.24"]
[Round "5"]
[White "Sautto, Alessandra"]
[Black "Tiozzo Netti, Valeria"]
[Result "1-0"]
[WhiteElo "1978"]
[BlackElo "1643"]
[PlyCount "35"]
[EventDate "2004.08.20"]

1. d4 d5 2. Nf3 Nf6 3. Bf4 g6 4. e3 Bg7 5. Bd3 Nbd7 6. Nbd2 c5 7. c3 O-O 8. h3
Re8 9. O-O cxd4 10. exd4 b6 11. Qe2 Bb7 12. Bh2 Nb8 13. Ne5 Nfd7 14. Ndf3 Nc6
15. Nxf7 Qc8 16. Qe6 Nf6 17. Nh6+ Kh8 18. Qg8+ 1-0

[Event "XXXI C.to Italiano femminile"]
[Site "Bratto - Castione della Presolana ITA"]
[Date "2004.08.24"]
[Round "5"]
[White "Scharrer, Isabel"]
[Black "Rombaldoni, Sharon"]
[Result "1-0"]
[WhiteElo "1613"]
[BlackElo "1440"]
[PlyCount "99"]
[EventDate "2004.08.20"]

1. d4 d5 2. c4 Nf6 3. Nc3 Bf5 4. Bg5 dxc4 5. e3 h6 6. Bh4 Ne4 7. Qf3 Nxc3 8.
Qxf5 Qd5 9. Qc8+ Qd8 10. Qxd8+ Kxd8 11. bxc3 Nc6 12. Bxc4 f6 13. Rb1 b6 14. Bd5
Kd7 15. Nf3 e6 16. Bxc6+ Kxc6 17. Kd2 g5 18. Bg3 Bd6 19. Kd3 Bxg3 20. hxg3 Rae8
21. Rh5 e5 22. Ke4 exd4+ 23. Kxd4 g4 24. Nh2 Rd8+ 25. Ke4 Rd2 26. Nxg4 Rxa2 27.
Kf3 Ra3 28. c4 Rc3 29. Ra1 a5 30. Ra4 Rb3 31. Nxf6 b5 32. cxb5+ Rxb5 33. Rxa5
Rxa5 34. Rxa5 Rf8 35. Rf5 Kd6 36. g4 c5 37. Ne4+ Ke7 38. Rxf8 Kxf8 39. Nxc5 Kg7
40. e4 Kf6 41. Kf4 Kg6 42. e5 h5 43. gxh5+ Kxh5 44. Kf5 Kh4 45. e6 Kh5 46. e7
Kh4 47. Kf4 Kh5 48. e8=Q+ Kh6 49. Qg8 Kh5 50. Qg5# 1-0

[Event "XXXI C.to Italiano femminile"]
[Site "Bratto - Castione della Presolana ITA"]
[Date "2004.08.24"]
[Round "5"]
[White "Tomba, Patrizia"]
[Black "Borsato, Laura"]
[Result "1-0"]
[WhiteElo "1637"]
[BlackElo "1580"]
[PlyCount "69"]
[EventDate "2004.08.20"]

1. e4 g6 2. d4 Bg7 3. Nf3 d6 4. Be2 Bg4 5. O-O Nf6 6. Nc3 O-O 7. h3 Bxf3 8.
Bxf3 e5 9. d5 c6 10. Bg5 Qb6 11. Rb1 Nbd7 12. b4 cxd5 13. Nxd5 Nxd5 14. Qxd5
Nf6 15. Qd3 a6 16. Be3 Qc7 17. c4 Rfd8 18. Rfc1 Rac8 19. a4 h5 20. a5 Nd7 21.
Qb3 Bf8 22. Be2 Rb8 23. Qa2 Ra8 24. Bd2 b6 25. b5 axb5 26. cxb5 Qb7 27. Bc4 Nf6
28. a6 Qxe4 29. Bxf7+ Kg7 30. Rc7 Rd7 31. Rxd7 Nxd7 32. Bd5 Qf5 33. Bxa8 Nc5
34. Bd5 Be7 35. a7 1-0

[Event "XXXI C.to Italiano femminile"]
[Site "Bratto - Castione della Presolana ITA"]
[Date "2004.08.24"]
[Round "5"]
[White "Tonel, Giulia"]
[Black "De Rosa, Mariagrazia"]
[Result "0-1"]
[WhiteElo "1670"]
[BlackElo "2124"]
[PlyCount "102"]
[EventDate "2004.08.20"]

1. e4 c5 2. Nc3 e6 3. Nf3 Nc6 4. d4 cxd4 5. Nxd4 d6 6. Be2 a6 7. O-O Nf6 8. Kh1
Qc7 9. f4 Be7 10. Bf3 Bd7 11. Nce2 O-O 12. c3 e5 13. Nxc6 Bxc6 14. Qc2 b5 15.
Ng3 Rfe8 16. fxe5 dxe5 17. Be3 Qb7 18. Rad1 a5 19. Rfe1 a4 20. a3 g6 21. Bg5
Bd7 22. Qe2 Be6 23. Bxf6 Bc4 24. Qf2 Bxf6 25. Bg4 Bd8 26. Rd7 Qb6 27. Qxb6 Bxb6
28. Red1 Rad8 29. Be2 Rxd7 30. Rxd7 Bxe2 31. Nxe2 Rd8 32. Rxd8+ Bxd8 33. g4 Bg5
34. Kg2 Kf8 35. Kf3 Ke7 36. c4 bxc4 37. Nc3 Kd6 38. Nxa4 Kc6 39. Ke2 Kb5 40.
Nc3+ Kc5 41. Kd1 Kd4 42. Kc2 Ke3 43. h3 Kf3 44. b3 cxb3+ 45. Kxb3 Kg3 46. a4
Bd8 47. Nd5 Kxh3 48. a5 Bxa5 49. Nf6 Bd8 50. Nxh7 Kxg4 51. Kc4 Kf4 0-1

[Event "XXXI C.to Italiano femminile"]
[Site "Bratto - Castione della Presolana ITA"]
[Date "2004.08.24"]
[Round "5"]
[White "Varagnolo, Silvia"]
[Black "Clappa, Ilaria"]
[Result "1/2-1/2"]
[WhiteElo "1610"]
[BlackElo "1850"]
[PlyCount "120"]
[EventDate "2004.08.20"]

1. e4 e6 2. d4 d5 3. exd5 exd5 4. Bd3 Bd6 5. Ne2 Nf6 6. Bg5 O-O 7. Nbc3 c6 8.
Qd2 Nbd7 9. O-O Qc7 10. Bf4 Re8 11. Rfe1 b6 12. Bxd6 Qxd6 13. Ng3 Rxe1+ 14.
Rxe1 Nf8 15. a3 Ng6 16. Nd1 Be6 17. Ne3 Re8 18. Nef5 Qd7 19. Kf1 Qc7 20. Qg5
Qf4 21. Qxf4 Nxf4 22. Ba6 Kf8 23. Bb7 Bd7 24. Rxe8+ Nxe8 25. Ba6 g6 26. Ne3 Ke7
27. Be2 Nxe2 28. Kxe2 f5 29. f4 Nf6 30. Nef1 Kd6 31. Kd3 Be6 32. c3 Ne4 33. Ke3
h6 34. Ne2 c5 35. Nd2 c4 36. Nf3 g5 37. h3 Kc6 38. Nd2 Kb5 39. fxg5 hxg5 40.
Nc1 f4+ 41. Ke2 Bf5 42. Nf3 g4 43. Ng1 a5 44. h4 Ka4 45. Ke1 Nxc3 46. bxc3 Kxa3
47. Kd2 Be4 48. Nge2 f3 49. gxf3 gxf3 50. Ng3 Bh7 51. h5 Kb2 52. Nf1 b5 53. Ne3
f2 54. Nd1+ Ka3 55. Nxf2 b4 56. cxb4 axb4 57. Nd1 b3 58. Kc3 Bc2 59. Nb2 Be4
60. h6 Bh7 1/2-1/2

[Event "XXXI C.to Italiano femminile"]
[Site "Bratto - Castione della Presolana ITA"]
[Date "2004.08.25"]
[Round "6"]
[White "Ambrosi, Eleonora"]
[Black "De Rosa, Mariagrazia"]
[Result "0-1"]
[WhiteElo "2118"]
[BlackElo "2124"]
[PlyCount "72"]
[EventDate "2004.08.20"]

1. d4 Nf6 2. Bg5 Ne4 3. h4 c5 4. dxc5 Qa5+ 5. Nd2 Nxd2 6. Qxd2 Qxc5 7. Nf3 f6
8. Be3 Qc7 9. g3 e6 10. Bg2 Nc6 11. c3 d5 12. h5 Bd7 13. Rc1 Be7 14. Kf1 Ne5
15. Nxe5 fxe5 16. Bg5 Bxg5 17. Qxg5 O-O 18. h6 g6 19. Qe3 Rf6 20. Kg1 Qd6 21.
Rh4 Raf8 22. Rf1 b6 23. f4 e4 24. Rd1 Qe7 25. Qd4 Bb5 26. e3 R6f7 27. Bh3 Bd7
28. Bg2 Qc5 29. Kf2 Qc7 30. Kg1 Bb5 31. Bh3 Re8 32. Kf2 Bc4 33. a3 Qe7 34. Bf1
e5 35. Qd2 exf4 36. exf4 e3+ 0-1

[Event "XXXI C.to Italiano femminile"]
[Site "Bratto - Castione della Presolana ITA"]
[Date "2004.08.25"]
[Round "6"]
[White "Bianchini, Aurora"]
[Black "Banki, Brigitta"]
[Result "1/2-1/2"]
[WhiteElo "1775"]
[BlackElo "1789"]
[PlyCount "205"]
[EventDate "2004.08.20"]

1. d4 d5 2. c4 e6 3. Nc3 Be7 4. Nf3 Nf6 5. Bf4 c6 6. e3 O-O 7. Bd3 dxc4 8. Bxc4
Nbd7 9. O-O Nb6 10. Bb3 Nbd5 11. Nxd5 exd5 12. Qd3 g6 13. Ne5 Bf5 14. Qe2 Nh5
15. Bh6 Ng7 16. f4 Re8 17. Bc2 Bxc2 18. Qxc2 Nf5 19. Ng4 f6 20. Rf3 Bf8 21.
Bxf8 Kxf8 22. Qc3 Kg7 23. Re1 Re6 24. Nf2 h5 25. Nd3 b6 26. Nb4 Rc8 27. Nc2 Qe7
28. Qb3 Rc7 29. Rff1 Qe8 30. Re2 Rce7 31. Kf2 Nd6 32. Rd1 Ne4+ 33. Kf1 f5 34.
Ne1 h4 35. Nf3 Qh8 36. Kg1 Qh5 37. Ree1 h3 38. Qc2 Kf6 39. Qe2 hxg2 40. Qxg2 g5
41. fxg5+ Nxg5 42. Qxg5+ Qxg5+ 43. Nxg5 Kxg5 44. Kf2 Re4 45. Rg1+ Rg4 46. h3
Rxg1 47. Rxg1+ Kh4 48. Rg6 c5 49. Rd6 cxd4 50. exd4 Kxh3 51. Kf3 Kh4 52. Rxd5
Kg5 53. Rd8 Kf6 54. Rf8+ Ke6 55. Kf4 Rd7 56. Rxf5 Rxd4+ 57. Ke3 Ra4 58. Rb5
Rxa2 59. Kd4 Kd6 60. Kc4 Kc6 61. Rb3 a5 62. Kc3 Ra1 63. Kc4 Ra4+ 64. Kc3 b5 65.
Kc2 Rg4 66. Kb1 b4 67. Rh3 a4 68. Rh8 b3 69. Kc1 Kd5 70. Rh3 Rg1+ 71. Kd2 Rg2+
72. Kc1 Rc2+ 73. Kb1 Rc4 74. Rh5+ Kd4 75. Rh4+ Kc5 76. Rh5+ Kb4 77. Rh8 Rf4 78.
Kc1 Rf1+ 79. Kd2 Rf2+ 80. Kc1 Kc4 81. Rc8+ Kd3 82. Rd8+ Ke3 83. Re8+ Kf3 84.
Rf8+ Ke2 85. Re8+ Kf1 86. Re4 Rc2+ 87. Kb1 Re2 88. Rf4+ Kg2 89. Rg4+ Kf3 90.
Rg1 Kf2 91. Rd1 Re1 92. Kc1 Rxd1+ 93. Kxd1 Ke3 94. Kc1 Kd3 95. Kb1 Kc4 96. Ka1
Kb5 97. Kb1 Kb4 98. Ka1 Kc4 99. Kb1 Kb4 100. Ka1 a3 101. Kb1 Ka4 102. bxa3 Kxa3
103. Ka1 1/2-1/2

[Event "XXXI C.to Italiano femminile"]
[Site "Bratto - Castione della Presolana ITA"]
[Date "2004.08.25"]
[Round "6"]
[White "Borsato, Laura"]
[Black "Rombaldoni, Sharon"]
[Result "1-0"]
[WhiteElo "1580"]
[BlackElo "1440"]
[PlyCount "105"]
[EventDate "2004.08.20"]

1. e4 e5 2. Nf3 Nc6 3. Bc4 Bc5 4. d3 d6 5. c3 h6 6. Nbd2 Bg4 7. h3 Bxf3 8. Nxf3
Nf6 9. Qb3 O-O 10. Qxb7 Na5 11. Qb5 Nxc4 12. Qxc4 Re8 13. O-O Qd7 14. Re1 Qe6
15. Qxe6 Rxe6 16. b4 Bb6 17. Bb2 c5 18. b5 a6 19. a4 axb5 20. axb5 Rxa1 21.
Rxa1 Re8 22. Nd2 Rb8 23. c4 Rd8 24. Bc3 Nd7 25. Nb3 Rb8 26. Na5 Ra8 27. Nc6
Rxa1+ 28. Bxa1 Bc7 29. Bc3 Nb8 30. Ne7+ Kf8 31. Nd5 Bd8 32. g3 Nd7 33. f4 exf4
34. gxf4 Nf6 35. Bxf6 Bxf6 36. Nxf6 gxf6 37. b6 Kg7 38. b7 Kg6 39. b8=Q f5 40.
Qxd6+ f6 41. exf5+ Kxf5 42. Qd5+ Kg6 43. f5+ Kg7 44. Qg2+ Kf7 45. Qg6+ Ke7 46.
Qg7+ Kd6 47. Qxf6+ Kd7 48. Qe6+ Kc7 49. f6 Kb7 50. f7 Kc7 51. f8=R Kb7 52. Rf7+
Ka8 53. Qe8# 1-0

[Event "XXXI C.to Italiano femminile"]
[Site "Bratto - Castione della Presolana ITA"]
[Date "2004.08.25"]
[Round "6"]
[White "Brunello, Marina"]
[Black "Rigo, Caterina"]
[Result "1/2-1/2"]
[WhiteElo "1571"]
[BlackElo "1649"]
[PlyCount "43"]
[EventDate "2004.08.20"]

1. e4 d6 2. d4 Nf6 3. Nc3 g6 4. f3 Nbd7 5. Be3 Bg7 6. g4 O-O 7. Qd2 e5 8. h4
Ne8 9. h5 exd4 10. Bxd4 Bxd4 11. Qxd4 Ne5 12. hxg6 fxg6 13. O-O-O Qg5+ 14. Kb1
c5 15. Qd5+ Kh8 16. Bb5 Nc7 17. Qxd6 Ne6 18. Nh3 Qf6 19. g5 Qg7 20. f4 Nf7 21.
Qe7 Qg8 22. Qf6+ 1/2-1/2

[Event "XXXI C.to Italiano femminile"]
[Site "Bratto - Castione della Presolana ITA"]
[Date "2004.08.25"]
[Round "6"]
[White "Cassinera, Chiara"]
[Black "Brunello, Roberta"]
[Result "0-1"]
[WhiteElo "1619"]
[BlackElo "1790"]
[PlyCount "148"]
[EventDate "2004.08.20"]

1. d4 d5 2. c4 e6 3. Nc3 Nf6 4. cxd5 exd5 5. Bg5 Nbd7 6. e3 Be7 7. Qc2 O-O 8.
Bd3 Re8 9. Nge2 c6 10. O-O Nf8 11. Rad1 Qc7 12. Qc1 h6 13. Bh4 Bg4 14. f3 Bh5
15. Bg3 Bd6 16. Rfe1 Bg6 17. Bxd6 Qxd6 18. Nf4 Bxd3 19. Nxd3 Ng6 20. Nf2 Rad8
21. a3 Nh4 22. e4 Nh7 23. Qe3 dxe4 24. fxe4 Ng5 25. e5 Qg6 26. Kh1 Ngf3 27. g3
Nxe1 28. Qxe1 Nf5 29. Qe4 Qe6 30. Ne2 Qd5 31. Qxd5 Rxd5 32. g4 Ne7 33. Ne4 Ng6
34. N2c3 Rdd8 35. Nd6 Re7 36. Nce4 Nf4 37. Kg1 Nh3+ 38. Kg2 Ng5 39. Nxg5 hxg5
40. Kf3 g6 41. b4 Red7 42. Ke3 Kg7 43. Rf1 Rh8 44. Rf3 Rxh2 45. Rg3 b6 46. Nc4
Rc2 47. Kd3 Rc1 48. Nd6 Rf1 49. Ne4 Rf4 50. Nd6 Rd8 51. Kc4 Rh8 52. Kc3 Rh1 53.
Nc8 Rd1 54. Nxa7 Rdxd4 55. Kb3 c5 56. bxc5 bxc5 57. Nb5 Rde4 58. Nc3 Rxe5 59.
a4 Re6 60. Nd5 Rd4 61. Nc3 Rb6+ 62. Nb5 Rf4 63. Ka3 Re6 64. Nc3 Re1 65. Kb2
Rb4+ 66. Kc2 Rf1 67. Rg2 Rc4 68. Kb3 Rd4 69. Nb5 Rf3+ 70. Nc3 Rff4 71. Ne2 Rb4+
72. Kc3 Rxg4 73. Rxg4 Rxg4 74. Kb3 Rb4+ 0-1

[Event "XXXI C.to Italiano femminile"]
[Site "Bratto - Castione della Presolana ITA"]
[Date "2004.08.25"]
[Round "6"]
[White "Castellano, Fulvia"]
[Black "Santurbano, Maria Vincenza"]
[Result "1/2-1/2"]
[WhiteElo "1772"]
[BlackElo "1822"]
[PlyCount "44"]
[EventDate "2004.08.20"]

1. e4 e5 2. Nf3 d6 3. d4 Nd7 4. Nc3 Be7 5. Bd3 Ngf6 6. h3 c6 7. dxe5 dxe5 8.
Be3 Qc7 9. Qe2 Nc5 10. O-O O-O 11. a3 Nxd3 12. cxd3 Re8 13. Rac1 Qa5 14. Kh1
Be6 15. Ng5 Bb3 16. f4 Bc5 17. f5 Rad8 18. Bxc5 Qxc5 19. Nd5 Qd6 20. Nxf6+ gxf6
21. Rc3 fxg5 22. Rxb3 Rd7 1/2-1/2

[Event "XXXI C.to Italiano femminile"]
[Site "Bratto - Castione della Presolana ITA"]
[Date "2004.08.25"]
[Round "6"]
[White "Clappa, Ilaria"]
[Black "Chierici, Marianna"]
[Result "0-1"]
[WhiteElo "1850"]
[BlackElo "1646"]
[PlyCount "90"]
[EventDate "2004.08.20"]

1. e4 c5 2. c4 d6 3. Nc3 e6 4. g3 Nc6 5. Bg2 Nf6 6. Nge2 Be7 7. d3 a6 8. a3 Bd7
9. Rb1 b6 10. O-O Rb8 11. h3 O-O 12. Be3 b5 13. cxb5 axb5 14. Qd2 Qc7 15. Rfc1
Rfc8 16. f4 Bf8 17. g4 Qd8 18. d4 cxd4 19. Nxd4 Nxd4 20. Bxd4 Qe7 21. Qe2 Rc4
22. Qe3 e5 23. fxe5 dxe5 24. Ba7 Qc5 25. Bxc5 Bxc5 26. Qxc5 Rxc5 27. Rd1 h6 28.
Rd3 Kf8 29. Rbd1 Ke7 30. b4 Rc7 31. Kf2 Rb6 32. Ke3 Ra6 33. Nd5+ Nxd5+ 34. exd5
Rd6 35. R1d2 g6 36. Rf2 f5 37. gxf5 gxf5 38. Re2 e4 39. Kd2 Kf6 40. Rg3 Rxd5+
41. Ke1 Be6 42. Rge3 Rd4 43. h4 Rc1+ 44. Kf2 Bc4 45. Rb2 Rd3 0-1

[Event "XXXI C.to Italiano femminile"]
[Site "Bratto - Castione della Presolana ITA"]
[Date "2004.08.25"]
[Round "6"]
[White "Di Blasi, Erica"]
[Black "Messina, Roberta"]
[Result "0-1"]
[WhiteElo "1580"]
[BlackElo "1673"]
[PlyCount "124"]
[EventDate "2004.08.20"]

1. e4 d5 2. exd5 Qxd5 3. Nc3 Qa5 4. d4 Nf6 5. Bd2 c6 6. Bc4 Bf5 7. Nf3 Nbd7 8.
O-O e6 9. Re1 Qc7 10. Ne5 Bd6 11. Bf4 O-O 12. h3 Nd5 13. Nxd5 exd5 14. Bd3 Bxd3
15. Qxd3 Nb6 16. b3 f6 17. Re3 fxe5 18. Bxe5 Bxe5 19. dxe5 Rae8 20. e6 Qf4 21.
f3 Qd6 22. Rae1 Rf6 23. Qe2 Na8 24. Re5 Nc7 25. e7 Rf7 26. Qe3 b6 27. g4 Qf6
28. Kg2 Qf4 29. Qc3 Qf6 30. Qe3 Qd6 31. c3 Qc5 32. Qg5 Qxc3 33. R5e3 Qf6 34. h4
Qxg5 35. hxg5 h6 36. gxh6 gxh6 37. Kg3 Rf6 38. f4 Kf7 39. Re5 Re6 40. Rf5+ Kxe7
41. Rh1 Kd6 42. Rfh5 Re3+ 43. Kh4 R8e6 44. f5 Rf6 45. Rf1 Re4 46. Kg3 d4 47.
Rfh1 d3 48. Rxh6 Nd5 49. g5 Rxh6 50. Rxh6+ Ke5 51. f6 Rf4 52. Rh7 d2 53. Rh1
Ne3 54. g6 Nf1+ 55. Rxf1 Rxf1 56. g7 Kxf6 57. g8=Q Rg1+ 58. Kf2 Rxg8 59. Ke2
Rd8 60. Kd1 Ke5 61. a3 Ke4 62. b4 Kd3 0-1

[Event "XXXI C.to Italiano femminile"]
[Site "Bratto - Castione della Presolana ITA"]
[Date "2004.08.25"]
[Round "6"]
[White "Di Cerbo, Giulia"]
[Black "Varagnolo, Silvia"]
[Result "0-1"]
[WhiteElo "1670"]
[BlackElo "1610"]
[PlyCount "68"]
[EventDate "2004.08.20"]

1. d4 d5 2. Nf3 Nf6 3. e3 g6 4. c3 Bg7 5. Be2 O-O 6. Nbd2 Nbd7 7. Qc2 c5 8. O-O
b6 9. dxc5 Nxc5 10. Nd4 e5 11. N4b3 Nxb3 12. Qxb3 Bb7 13. Nf3 Qc7 14. Bd2 Rac8
15. Rac1 Ne4 16. Be1 Rfd8 17. Nd2 Nf6 18. Nf3 d4 19. exd4 exd4 20. c4 Ng4 21.
g3 Qc6 22. Rd1 Ne5 23. Rd3 Nxd3 24. Qxd3 Qe4 25. Qxe4 Bxe4 26. Nd2 Bf5 27. Kg2
d3 28. Bd1 Bxb2 29. f4 Bc3 30. Bf3 Bxd2 31. Bxd2 Rxc4 32. Rd1 Rc2 33. a4 Ra2
34. Kf1 Rxa4 0-1

[Event "XXXI C.to Italiano femminile"]
[Site "Bratto - Castione della Presolana ITA"]
[Date "2004.08.25"]
[Round "6"]
[White "Francalancia, Mariachiara"]
[Black "Costariol, Elena"]
[Result "0-1"]
[WhiteElo "1528"]
[BlackElo "1554"]
[PlyCount "120"]
[EventDate "2004.08.20"]

1. d4 Nf6 2. Nd2 d5 3. c4 dxc4 4. Nxc4 Nc6 5. Nf3 g6 6. b3 Bg7 7. Bb2 Bf5 8. d5
Nb4 9. Ne3 Be4 10. Ng5 Bxd5 11. Nxd5 Nbxd5 12. e4 Nb6 13. Be2 h6 14. e5 Qxd1+
15. Rxd1 hxg5 16. exf6 Bxf6 17. Bxf6 exf6 18. O-O O-O 19. Bf3 c6 20. Rfe1 Rfe8
21. Rxe8+ Rxe8 22. g3 Kg7 23. a4 Re7 24. Bg2 Rd7 25. Re1 Kf8 26. a5 Nd5 27. Rd1
Ke7 28. Re1+ Kd8 29. Bh3 f5 30. f3 Re7 31. Rd1 Kc7 32. Rd2 Re3 33. Kf2 Rxb3 34.
Re2 b5 35. axb6+ axb6 36. Re5 Kd6 37. Re8 c5 38. Bg2 Rb2+ 39. Re2 Rxe2+ 40.
Kxe2 b5 41. Kd2 c4 42. Kc1 Ne3 43. Bh1 f4 44. g4 b4 45. h3 Kd5 46. Kb1 Kd4 47.
Kc1 b3 48. Kb2 Kd3 49. Kc1 c3 50. Kb1 Kd2 51. h4 c2+ 52. Kb2 c1=Q+ 53. Kxb3
Qc3+ 54. Ka4 Qb2 55. Ka5 Kc3 56. Ka6 Qb8 57. Bg2 Nxg2 58. h5 Kc4 59. hxg6 Kc5
60. gxf7 Qb6# 0-1